[Event "Any Which Way To Go!!"]
[Site "SchemingMind.com"]
[Date "2006.10.28"]
[Round "-"]
[White "Pauline"]
[Black "Orhany24"]
[Result "0-1"]
[WhiteCountry "NED"]
[BlackCountry "TUR"]
[WhiteElo "1446"]
[WhiteRD "107"]
[BlackElo "1820"]
[BlackRD "67"]
[GameID "74059"]

1. Nf3 d5 2. g3 c5 3. Bg2 Nc6 4. O-O e5 5. d3 Bd6 6. c4 d4 7. Na3 a6 8. Bg5 Nge7 9. Bd2 O-O 10. Ng5 f5
11. Qb3 h6 12. Bd5+ Nxd5 13. cxd5 Ne7
0-1

[Event "Any Which Way To Go!!"]
[Site "SchemingMind.com"]
[Date "2006.10.28"]
[Round "-"]
[White "Pauline"]
[Black "e_castle3"]
[Result "0-1"]
[WhiteCountry "NED"]
[BlackCountry "PHI"]
[WhiteElo "1430"]
[WhiteRD "107"]
[BlackElo "1775"]
[BlackRD "72"]
[GameID "74060"]

1. Nf3 Nf6 2. c4 g6 3. g3 Bg7 4. Bg2 O-O 5. d4 c6 6. O-O d5 7. cxd5 cxd5 8. Ne5 Nc6 9. Nc3 e6 10. Nxc6 bxc6
11. Bg5 Qb6 12. Na4 Qc7
0-1

[Event "Any Which Way To Go!!"]
[Site "SchemingMind.com"]
[Date "2006.10.28"]
[Round "-"]
[White "Pauline"]
[Black "Coloplast"]
[Result "0-1"]
[WhiteCountry "NED"]
[BlackCountry "SWE"]
[WhiteElo "1446"]
[WhiteRD "107"]
[BlackElo "1984"]
[BlackRD "78"]
[GameID "74061"]

1. c4 e5 2. Nc3 Nf6 3. Nf3 Nc6 4. g3 Bc5 5. Bg2 d6 6. O-O O-O 7. d3 Bg4 8. Na4 Bb6 9. Nxb6 axb6 10. Bd2 Qd7
11. b4 Ra7 12. Bc3 Bh3 13. Qc2 Bxg2 14. Kxg2 Ne7 15. a4 h6 16. a5 bxa5
0-1

[Event "Any Which Way To Go!!"]
[Site "SchemingMind.com"]
[Date "2006.10.28"]
[Round "-"]
[White "Pauline"]
[Black "Quanah4"]
[Result "0-1"]
[WhiteCountry "NED"]
[BlackCountry "USA"]
[WhiteElo "1446"]
[WhiteRD "107"]
[BlackElo "1608"]
[BlackRD "101"]
[GameID "74062"]

1. e4 e6 2. d4 d5 3. Nc3 c5 4. exd5 exd5 5. Nf3 Nc6 6. Bb5 Bd7 7. O-O Nf6 8. Re1+ Be7 9. dxc5 O-O 10. Nxd5 Nxd5
11. Qxd5 Bf6 12. c3 a6 13. Bc4 Qc7
0-1

[Event "Any Which Way To Go!!"]
[Site "SchemingMind.com"]
[Date "2006.10.29"]
[Round "-"]
[White "Pauline"]
[Black "vorpalcrush"]
[Result "1-0"]
[WhiteCountry "NED"]
[BlackCountry "AUS"]
[WhiteElo "1959"]
[WhiteRD "190"]
[BlackElo "1260"]
[BlackRD "104"]
[GameID "74063"]

1. Nf3 Nf6 2. c4 g6 3. g3 Bg7 4. Bg2 O-O 5. d4 d6 6. O-O Nbd7 7. Nc3 e5 8. e4 c6 9. b3 b5 10. cxb5 exd4
11. Nxd4 Re8 12. Nxc6 Qb6 13. Qxd6
1-0

[Event "Any Which Way To Go!!"]
[Site "SchemingMind.com"]
[Date "2006.10.28"]
[Round "-"]
[White "Pauline"]
[Black "nwhitelaw"]
[Result "1-0"]
[WhiteCountry "NED"]
[BlackCountry "GBR"]
[WhiteElo "1959"]
[WhiteRD "190"]
[BlackElo "1396"]
[BlackRD "101"]
[GameID "74064"]

1. d4 d5 2. c4 dxc4 3. Nf3 e6 4. e3 h5 5. Nc3 f5 6. Bxc4 Nf6 7. Qb3 Nc6 8. Bxe6 Qe7 9. Bxf5 Bxf5 10. Qxb7 Rb8
11. Qxc6+ Qd7 12. Qa6 Ne4 13. Ne5 Qe7 14. Qc6+ Bd7 15. Qg6+ Kd8 16. Nf7+ Kc8 17. Nxh8 Nxc3 18. bxc3 Rb6 19. Qf7 h4 20. Qf3 Qg5
21. Qxf8+ Kb7 22. O-O h3 23. Qf3+ Bc6 24. Qxh3
1-0

[Event "Any Which Way To Go!!"]
[Site "SchemingMind.com"]
[Date "2006.10.29"]
[Round "-"]
[White "Orhany24"]
[Black "Pauline"]
[Result "1-0"]
[WhiteCountry "TUR"]
[BlackCountry "NED"]
[WhiteElo "1820"]
[WhiteRD "67"]
[BlackElo "1446"]
[BlackRD "107"]
[GameID "74066"]

1. e4 c5 2. Nf3 e6 3. d4 cxd4 4. Nxd4 a6 5. c4 Nf6 6. Nc3 Qc7 7. h3 Nc6 8. Nxc6 bxc6 9. Bd3 Bc5 10. O-O Rb8
11. b3 Bd4 12. Bb2
1-0

[Event "Any Which Way To Go!!"]
[Site "SchemingMind.com"]
[Date "2006.10.28"]
[Round "-"]
[White "e_castle3"]
[Black "Pauline"]
[Result "1-0"]
[WhiteCountry "PHI"]
[BlackCountry "NED"]
[WhiteElo "1775"]
[WhiteRD "72"]
[BlackElo "1430"]
[BlackRD "107"]
[GameID "74067"]

1. e4 c5 2. Nf3 e6 3. g3 Nc6 4. Bg2 Nf6 5. Nc3 d5 6. exd5 Nxd5 7. Nxd5 exd5 8. O-O Be7 9. Re1 O-O 10. c3 Bf6
11. d3 Bf5 12. h3
1-0

[Event "Any Which Way To Go!!"]
[Site "SchemingMind.com"]
[Date "2006.10.28"]
[Round "-"]
[White "Coloplast"]
[Black "Pauline"]
[Result "1-0"]
[WhiteCountry "SWE"]
[BlackCountry "NED"]
[WhiteElo "1984"]
[WhiteRD "78"]
[BlackElo "1446"]
[BlackRD "107"]
[GameID "74068"]

1. d4 Nf6 2. c4 g6 3. Nc3 Bg7 4. Bf4 Nc6 5. e3 d6 6. Nf3 O-O 7. a3 Nh5 8. Bg3 Bg4 9. Be2 h6 10. h3 Nxg3
11. fxg3 Bd7 12. O-O e6 13. Qc2 a5 14. d5 Ne5 15. Rad1 exd5 16. Nxd5 c6 17. Nf4 Qe7 18. e4
1-0

[Event "Any Which Way To Go!!"]
[Site "SchemingMind.com"]
[Date "2006.10.29"]
[Round "-"]
[White "Quanah4"]
[Black "Pauline"]
[Result "1-0"]
[WhiteCountry "USA"]
[BlackCountry "NED"]
[WhiteElo "1608"]
[WhiteRD "101"]
[BlackElo "1446"]
[BlackRD "107"]
[GameID "74069"]

1. d4 Nf6 2. e3 g6 3. Nf3 Bg7 4. c4 O-O 5. Nc3 d6 6. Be2 Nbd7 7. O-O e5 8. d5 Nc5 9. b4 Nce4 10. Bb2 Nxc3
11. Bxc3 Ne4 12. Qc2
1-0

[Event "Any Which Way To Go!!"]
[Site "SchemingMind.com"]
[Date "2006.10.29"]
[Round "-"]
[White "vorpalcrush"]
[Black "Pauline"]
[Result "1-0"]
[WhiteCountry "AUS"]
[BlackCountry "NED"]
[WhiteElo "1392"]
[WhiteRD "96"]
[BlackElo "1446"]
[BlackRD "107"]
[GameID "74070"]

1. Nf3 Nf6 2. g3 b6 3. Bg2 Bb7 4. d4 c5 5. O-O cxd4 6. Qxd4 Nc6 7. Qa4 e6 8. Nc3 Bc5 9. Bg5 h6 10. Bxf6 Qxf6
11. Rad1 d5 12. e3 O-O 13. Rfe1
1-0

[Event "Any Which Way To Go!!"]
[Site "SchemingMind.com"]
[Date "2006.10.28"]
[Round "-"]
[White "nwhitelaw"]
[Black "Pauline"]
[Result "0-1"]
[WhiteCountry "GBR"]
[BlackCountry "NED"]
[WhiteElo "1396"]
[WhiteRD "101"]
[BlackElo "1959"]
[BlackRD "190"]
[GameID "74071"]

1. e4 e5 2. Qf3 Nc6 3. Bc4 Nf6 4. Nh3 Nd4 5. Qc3 Nxe4 6. Qd3 d5 7. O-O Nc5 8. Qg3 f6 9. f4 dxc4 10. a3 Ne2+
11. Kh1 Nxg3+ 12. hxg3 Bf5 13. fxe5 Bxc2 14. Nc3 Nb3 15. Ra2 fxe5 16. Re1 Nxc1 17. Rxc1 Qxd2 18. Rf1 Bb3 19. Ne4 Qe2 20. Raa1 Qxe4
21. Rae1 Qd4 22. Rd1 Bxd1
0-1

[Event "Any Which Way To Go!!"]
[Site "SchemingMind.com"]
[Date "2006.10.28"]
[Round "-"]
[White "smurilo"]
[Black "Orhany24"]
[Result "1-0"]
[WhiteCountry "BRA"]
[BlackCountry "TUR"]
[WhiteElo "1914"]
[WhiteRD "146"]
[BlackElo "1835"]
[BlackRD "68"]
[GameID "74075"]

1. c4 c5 2. Nc3 Nc6 3. Nf3 e6 4. g3 d5 5. cxd5 exd5 6. d4 h6 7. Bg2 Nf6 8. O-O Be7 9. dxc5 O-O 10. Be3 Qa5
11. a3 Bg4 12. Nxd5 Nxd5 13. Qxd5 Rfd8 14. Qe4 Be6 15. b4 Qb5 16. Nd4 Nxd4 17. Bxd4 Rd7 18. e3 Rad8 19. Qc2 Bc4 20. Rfc1 Bd3
21. Qc3 Bf8 22. a4 Qa6 23. b5 Qg6 24. c6 bxc6 25. bxc6 Rc7 26. Be5 Bd6 27. Bxd6 Rxd6 28. Qa5 Rcxc6 29. Rxc6 Rxc6 30. Bxc6 Qxc6
31. Qd8+
1-0

[Event "Any Which Way To Go!!"]
[Site "SchemingMind.com"]
[Date "2006.10.31"]
[Round "-"]
[White "smurilo"]
[Black "e_castle3"]
[Result "1-0"]
[WhiteCountry "BRA"]
[BlackCountry "PHI"]
[WhiteElo "1914"]
[WhiteRD "146"]
[BlackElo "1814"]
[BlackRD "66"]
[GameID "74076"]

1. c4 Nf6 2. Nc3 g6 3. d4 Bg7 4. e4 d6 5. f4 O-O 6. Nf3 b6 7. Bd3 Bb7 8. d5 Nbd7 9. O-O Nc5 10. Bc2 c6
11. e5 Nfd7 12. b4 Na6 13. dxc6 Bxc6 14. b5 Bxf3 15. Qxf3 Nac5 16. exd6 exd6 17. Bb2 Qc7 18. Nd5 Qd8 19. Bxg7 Kxg7 20. Qc3+ Kg8
21. Rae1 Ne6 22. f5 gxf5 23. Qh3 Nd4 24. Ne7+ Kh8 25. Rxf5
1-0

[Event "Any Which Way To Go!!"]
[Site "SchemingMind.com"]
[Date "2006.10.28"]
[Round "-"]
[White "smurilo"]
[Black "Coloplast"]
[Result "0-1"]
[WhiteCountry "BRA"]
[BlackCountry "SWE"]
[WhiteElo "1914"]
[WhiteRD "146"]
[BlackElo "1976"]
[BlackRD "83"]
[GameID "74077"]

1. c4 e5 2. Nc3 Nc6 3. Nf3 Bc5 4. g3 d6 5. Bg2 f5 6. d3 Nf6 7. O-O O-O 8. a3 a5 9. e3 e4 10. dxe4 fxe4
11. Ng5 Ne5 12. Ngxe4 Nxc4 13. Nxf6+ Qxf6 14. Nd5 Qf7 15. Nxc7 Qxc7 16. Qd5+ Qf7 17. Qxf7+ Kxf7
0-1

[Event "Any Which Way To Go!!"]
[Site "SchemingMind.com"]
[Date "2006.10.29"]
[Round "-"]
[White "smurilo"]
[Black "Quanah4"]
[Result "1-0"]
[WhiteCountry "BRA"]
[BlackCountry "USA"]
[WhiteElo "1914"]
[WhiteRD "146"]
[BlackElo "1486"]
[BlackRD "133"]
[GameID "74078"]

1. c4 e6 2. Nc3 Nf6 3. e4 d5 4. e5 Nfd7 5. d4 c5 6. cxd5 exd5 7. Nxd5 cxd4 8. Bb5 Qa5+ 9. Bd2 Qd8 10. Qc2 Nc6
11. Bxc6 bxc6 12. Qxc6 Rb8 13. Nc7+
1-0

[Event "Any Which Way To Go!!"]
[Site "SchemingMind.com"]
[Date "2006.10.29"]
[Round "-"]
[White "smurilo"]
[Black "vorpalcrush"]
[Result "1-0"]
[WhiteCountry "BRA"]
[BlackCountry "AUS"]
[WhiteElo "1914"]
[WhiteRD "146"]
[BlackElo "1260"]
[BlackRD "104"]
[GameID "74079"]

1. c4 g6 2. Nc3 Bg7 3. d4 Nf6 4. e4 d6 5. f4 O-O 6. Nf3 c5 7. d5 e6 8. Be2 exd5 9. cxd5 Re8 10. e5 dxe5
11. fxe5 Ng4 12. Bg5 Qc7 13. O-O Nxe5 14. d6 Nxf3+ 15. Bxf3 Qb6 16. Nd5 c4+ 17. Nxb6
1-0

[Event "Any Which Way To Go!!"]
[Site "SchemingMind.com"]
[Date "2006.10.28"]
[Round "-"]
[White "smurilo"]
[Black "nwhitelaw"]
[Result "1-0"]
[WhiteCountry "BRA"]
[BlackCountry "GBR"]
[WhiteElo "1662"]
[WhiteRD "292"]
[BlackElo "1438"]
[BlackRD "216"]
[GameID "74080"]

1. c4 d5 2. cxd5 Qxd5 3. Nc3 Qf5 4. e4 Qa5 5. d4 Nf6 6. Bd2 Nc6 7. Nd5 Nb4 8. Bxb4 Qxd5 9. exd5 Nxd5 10. Qb3 e6
11. Bxf8 Rxf8 12. Rc1 c6 13. Nf3 b5 14. Rxc6 b4 15. Ne5 Rb8 16. Qa4 Bd7 17. Nxd7 Nb6 18. Nxb6
1-0

[Event "Any Which Way To Go!!"]
[Site "SchemingMind.com"]
[Date "2006.10.29"]
[Round "-"]
[White "smurilo"]
[Black "Pauline"]
[Result "1-0"]
[WhiteCountry "BRA"]
[BlackCountry "NED"]
[WhiteElo "2056"]
[WhiteRD "113"]
[BlackElo "1446"]
[BlackRD "107"]
[GameID "74081"]

1. c4 e5 2. Nc3 Nf6 3. Nf3 Nc6 4. g3 Bc5 5. Bg2 d6 6. O-O O-O 7. d3 Bf5 8. Bg5 h6 9. Bh4 g5 10. Nxg5 hxg5
11. Bxg5 d5 12. Nxd5 Be7 13. Nxe7+ Qxe7 14. Qd2 Kh7 15. b4 Nd4 16. f4 exf4 17. e4 fxe3 18. Bxe3 Qe5 19. Qf2 Nc2 20. Qxf5+
1-0

[Event "Any Which Way To Go!!"]
[Site "SchemingMind.com"]
[Date "2006.10.28"]
[Round "-"]
[White "Orhany24"]
[Black "smurilo"]
[Result "0-1"]
[WhiteCountry "TUR"]
[BlackCountry "BRA"]
[WhiteElo "1820"]
[WhiteRD "67"]
[BlackElo "2056"]
[BlackRD "113"]
[GameID "74083"]

1. e4 d6 2. d4 Nf6 3. Bd3 g6 4. c4 Bg7 5. Ne2 O-O 6. O-O e5 7. d5 Nbd7 8. b4 a5 9. bxa5 Rxa5 10. Bd2 Ra8
11. Nbc3 Nc5 12. Bc2 Nfd7 13. f4 exf4 14. Bxf4 Ne5 15. Bxe5 Bxe5 16. Nd4 Qh4 17. Nf3 Qf4 18. Nxe5 Qxe5 19. Qf3 Qd4+ 20. Kh1 Qxc4
21. Qf6 Nd7 22. Qf3 Ne5 23. Qg3 Ra5 24. Bb3 Qd3 25. Qxd3 Nxd3 26. h3 h5 27. Rf3 Ne5 28. Rff1 h4 29. Rac1 Kg7 30. Ne2 c5
31. dxc6 bxc6 32. Rfd1 Ba6 33. Nc3 Nd3 34. Rc2 f5 35. exf5 Raxf5 36. Ne4 d5 37. Nc5 Nxc5 38. Rxc5 Rf1+ 39. Rxf1 Rxf1+ 40. Kh2 Bb7
41. Ba4 Rf8 42. Kg1 Ra8 43. Bb3 Kf6 44. Kf2 Ke5 45. Ke3 Kd6 46. Kd4 Rf8 47. Rc2 c5+ 48. Ke3 d4+ 49. Kd3 Rf1 50. Bc4 Rd1+
51. Ke2 Rg1 52. Kd3 Bxg2 53. Rf2 Bf1+
0-1

[Event "Any Which Way To Go!!"]
[Site "SchemingMind.com"]
[Date "2006.10.31"]
[Round "-"]
[White "e_castle3"]
[Black "smurilo"]
[Result "0-1"]
[WhiteCountry "PHI"]
[BlackCountry "BRA"]
[WhiteElo "1785"]
[WhiteRD "68"]
[BlackElo "2056"]
[BlackRD "113"]
[GameID "74084"]

1. e4 d6 2. Nf3 Nf6 3. Nc3 g6 4. Bc4 Bg7 5. O-O O-O 6. d3 c5 7. Bg5 Nc6 8. a3 Bg4 9. h3 Bxf3 10. Qxf3 Nd4
11. Qd1 e6 12. Rb1 a6 13. Ne2 h6 14. Bh4 Nc6 15. c3 Re8 16. b4 cxb4 17. axb4 d5 18. exd5 exd5 19. Bb3 d4 20. c4 b5
21. c5 Qd7 22. Qd2 g5 23. Bg3 Nxb4 24. Bxf7+ Qxf7 25. Rxb4 Nd5 26. Rbb1 Nc3 27. Nxc3 dxc3 28. Qc2 Rac8 29. Bd6 Bd4 30. Ra1 Re6
31. Ra3 Rce8 32. Bg3 Re2 33. Qc1 Qf6 34. Qa1 R8e6 35. Ra2 Bxc5 36. Qb1 Kg7 37. Qb3 Bd4 38. Qd5 c2 39. Qb3 Bxf2+ 40. Bxf2 c1=Q
41. Rxc1 Qxf2+
0-1

[Event "Any Which Way To Go!!"]
[Site "SchemingMind.com"]
[Date "2006.10.28"]
[Round "-"]
[White "Coloplast"]
[Black "smurilo"]
[Result "0-1"]
[WhiteCountry "SWE"]
[BlackCountry "BRA"]
[WhiteElo "1999"]
[WhiteRD "75"]
[BlackElo "2082"]
[BlackRD "112"]
[GameID "74085"]

1. d4 d6 2. c4 Nf6 3. Nc3 g6 4. Bf4 Bg7 5. e3 O-O 6. Nf3 c5 7. Be2 Nh5 8. Bg3 cxd4 9. Nxd4 Nxg3 10. hxg3 Nc6
11. Bf3 Bd7 12. a3 Ne5 13. O-O Nxc4 14. Qe2 Na5 15. Rfd1 Rc8 16. Rab1 Nc6 17. Nxc6 bxc6 18. Na2 Qa5 19. Nb4 c5 20. Nd5 Rfe8
21. Qd2 Qxd2 22. Rxd2 Rb8 23. b4 e6 24. Nf4 d5 25. Nd3 Rec8 26. Rc1 c4 27. Nc5 Bb5 28. a4 c3 29. Rdc2 Bc4 30. Be2 Bxe2
31. Rxe2 Rxb4 32. Nd3 Rxa4 33. Rec2 a5 34. Nf4 Rb4 35. Ne2 a4 36. Ra1 Rb2 37. Ra2 a3 38. Kf1 Rcb8 39. Ke1 Rxa2
0-1

[Event "Any Which Way To Go!!"]
[Site "SchemingMind.com"]
[Date "2006.10.28"]
[Round "-"]
[White "Quanah4"]
[Black "smurilo"]
[Result "0-1"]
[WhiteCountry "USA"]
[BlackCountry "BRA"]
[WhiteElo "1608"]
[WhiteRD "101"]
[BlackElo "2056"]
[BlackRD "113"]
[GameID "74086"]

1. d4 d6 2. e4 Nf6 3. Nc3 g6 4. Nf3 Bg7 5. b3 O-O 6. Bb2 c5 7. e5 Ng4 8. h3 cxd4 9. Qxd4 Nc6 10. Qd2 Ngxe5
11. Bd3 Nxf3+ 12. gxf3 Qa5 13. a3 Nd4 14. Be2 Bf5 15. b4 Qe5 16. O-O-O Rfc8 17. Bd3 Nxf3 18. Qe3 Bxd3 19. Qxe5 Nxe5 20. cxd3 Nf3
21. Kc2 d5 22. Kb3 a5 23. Nxd5 a4+ 24. Ka2 Rc2 25. Rb1 Rxf2 26. Nb6 Rd8 27. Ka1 Rxd3 28. Nc4 b5 29. Rhd1 Rxb2 30. Rxb2 Rxd1+
31. Ka2 bxc4 32. b5 Nd2 33. b6 Nb3 34. Rb1 Rd2+ 35. Rb2 Rxb2#
0-1

[Event "Any Which Way To Go!!"]
[Site "SchemingMind.com"]
[Date "2006.10.29"]
[Round "-"]
[White "vorpalcrush"]
[Black "smurilo"]
[Result "0-1"]
[WhiteCountry "AUS"]
[BlackCountry "BRA"]
[WhiteElo "1260"]
[WhiteRD "104"]
[BlackElo "1914"]
[BlackRD "146"]
[GameID "74087"]

1. Nf3 g6 2. d4 Bg7 3. e4 d6 4. Nc3 Nf6 5. Be2 O-O 6. O-O Bg4 7. Be3 Nc6 8. d5 Bxf3 9. Bxf3 Ne5 10. Be2 c6
11. h4 Qc7 12. Qd2 cxd5 13. Nxd5 Nxd5 14. exd5 Nc4 15. Bxc4 Qxc4 16. b3 Qxh4 17. g3 Qh3 18. Rfe1 Bxa1 19. Bh6 Bg7 20. Rxe7 Bxh6
21. Qb4 Rac8 22. c4 Rfe8 23. Qxd6 Bf8 24. Rxe8 Rxe8
0-1

[Event "Any Which Way To Go!!"]
[Site "SchemingMind.com"]
[Date "2006.10.28"]
[Round "-"]
[White "nwhitelaw"]
[Black "smurilo"]
[Result "0-1"]
[WhiteCountry "GBR"]
[BlackCountry "BRA"]
[WhiteElo "1396"]
[WhiteRD "101"]
[BlackElo "1914"]
[BlackRD "146"]
[GameID "74088"]

1. Nc3 g6 2. e4 Bg7 3. d4 d6 4. Bc4 Nf6 5. e5 dxe5 6. dxe5 Qxd1+ 7. Nxd1 Nfd7 8. f4 Nb6 9. Ne3 Nxc4 10. Nxc4 Be6
11. Na5 b6 12. Nb3 c5 13. h3 h5 14. Nf3 Nc6 15. O-O Rd8 16. Ng5 Bc4 17. e6 Bxf1 18. Nxf7 Bc4 19. Nxh8 Bxh8 20. Be3 Nb4
21. c3 Nc2 22. Rc1 Nxe3 23. a4 Bxb3 24. g4 Rd2 25. gxh5 Rg2+
0-1

[Event "Any Which Way To Go!!"]
[Site "SchemingMind.com"]
[Date "2006.10.29"]
[Round "-"]
[White "Pauline"]
[Black "smurilo"]
[Result "0-1"]
[WhiteCountry "NED"]
[BlackCountry "BRA"]
[WhiteElo "1446"]
[WhiteRD "107"]
[BlackElo "2056"]
[BlackRD "113"]
[GameID "74089"]

1. Nf3 g6 2. d4 Bg7 3. c4 Nf6 4. g3 O-O 5. Bg2 d6 6. O-O c6 7. Nc3 Re8 8. Qb3 Nbd7 9. Rd1 c5 10. Bg5 cxd4
11. Nxd4 h6 12. Bxf6 Nxf6 13. Rac1 Qa5 14. Rd2 Rb8 15. Nc6 Qc7 16. Nxb8 Qxb8
0-1

[Event "Any Which Way To Go!!"]
[Site "SchemingMind.com"]
[Date "2006.10.30"]
[Round "-"]
[White "santiago200"]
[Black "Orhany24"]
[Result "1-0"]
[WhiteCountry "BRA"]
[BlackCountry "TUR"]
[WhiteElo "1436"]
[WhiteRD "135"]
[BlackElo "1820"]
[BlackRD "67"]
[GameID "74117"]

1. d4 d5 2. Nf3 e6 3. c4 h6 4. Bf4 Nf6 5. e3 c5 6. b3 Nc6 7. Nc3 a6 8. Be2 Be7 9. O-O O-O 10. Qd2 b6
11. Rfe1 Bb7 12. Rad1 Qc7 13. Bxc7 Bd8 14. Bd6 Re8 15. dxc5 bxc5 16. Bxc5 Bc7 17. Nd4 Nxd4 18. exd4 Rad8 19. Bf3 g5 20. h4 Bf4
21. Qc2 g4 22. Be2 h5 23. g3 Bb8 24. Bf1 dxc4 25. bxc4 Bf3 26. Be2 Ba8 27. Rb1 Rc8 28. Qd2 Ne4 29. Nxe4 Bxe4 30. Bd3 Bxd3
31. Qxd3 Red8 32. Qe3 Kh7 33. Qg5
1-0

[Event "Any Which Way To Go!!"]
[Site "SchemingMind.com"]
[Date "2006.10.31"]
[Round "-"]
[White "santiago200"]
[Black "e_castle3"]
[Result "1-0"]
[WhiteCountry "BRA"]
[BlackCountry "PHI"]
[WhiteElo "1712"]
[WhiteRD "110"]
[BlackElo "1737"]
[BlackRD "67"]
[GameID "74118"]

1. d4 d5 2. Nf3 Nf6 3. c4 c6 4. Nc3 Bf5 5. e3 e6 6. Be2 Nbd7 7. O-O dxc4 8. Bxc4 Nb6 9. Be2 Be7 10. Nh4 Bg6
11. Nxg6 hxg6 12. a4 Qc7 13. g3 O-O 14. Qc2 Rfd8 15. Bd2 Rac8 16. Rac1 Nbd5 17. Nxd5 exd5 18. Bf3 Qd6 19. Qb3 b6 20. Rc2 c5
21. dxc5 bxc5 22. Rfc1 Qb6 23. Qa2 Ne4 24. Bxe4 dxe4 25. b4 Rd3 26. bxc5 Bxc5 27. a5 Qd6 28. Bb4 Rd1+ 29. Kg2 Rxc1 30. Rxc1 Rc6
31. Qc2 Bxb4 32. Qxc6 Qxc6 33. Rxc6 Bxa5 34. g4 Kh7 35. Kg3 f5 36. g5 Bd8 37. h4 a5 38. Ra6 Bc7+ 39. Kh3 Bd8= 40. Kg3 Bc7+
41. f4 exf3+ 42. Kxf3 Bd8 43. e4 fxe4+ 44. Kxe4 Bc7 45. Kd5 Bg3= 46. Rxa5 Bxh4= 47. Ke6 Be1= 48. Ra1 Bd2= 49. Rg1 Be3= 50. Rg3 Bf4
51. Rg4 Bd2 52. Kf7
1-0

[Event "Any Which Way To Go!!"]
[Site "SchemingMind.com"]
[Date "2006.11.02"]
[Round "-"]
[White "santiago200"]
[Black "Quanah4"]
[Result "1-0"]
[WhiteCountry "BRA"]
[BlackCountry "USA"]
[WhiteElo "1625"]
[WhiteRD "115"]
[BlackElo "1604"]
[BlackRD "87"]
[GameID "74120"]

1. d4 d5 2. Nf3 e6 3. c4 Nf6 4. Nc3 c5 5. e3 Nc6 6. b3 Be7 7. Be2 O-O 8. O-O b6 9. Bb2 Bb7 10. a3 Rb8
11. Qc2 Bd6 12. Rad1 Re8 13. Rd2 a6 14. dxc5 bxc5 15. Rfd1 Ne7 16. Na4 Qc7 17. Bxf6 gxf6 18. cxd5 Bxd5 19. Rxd5 exd5 20. Qb2 Be5
21. Nxe5 fxe5 22. Bxa6 Red8 23. Qc2 Qc6 24. Nxc5 Ra8 25. Bb7 Qc7 26. Bxa8 Rxa8 27. a4 Rc8 28. b4 Qd6 29. Rc1 e4 30. Qe2 Ng6
31. Qg4 Kf8 32. Qxc8+ Kg7 33. a5 Ne7 34. Qb7 Qe5 35. a6 Nf5 36. Nd7 Qe7 37. Qxd5 Qxb4 38. Qxf5 Qd2 39. Qf6+ Kg8 40. Rc8#
1-0

[Event "Any Which Way To Go!!"]
[Site "SchemingMind.com"]
[Date "2006.11.02"]
[Round "-"]
[White "santiago200"]
[Black "vorpalcrush"]
[Result "1-0"]
[WhiteCountry "BRA"]
[BlackCountry "AUS"]
[WhiteElo "1578"]
[WhiteRD "123"]
[BlackElo "1372"]
[BlackRD "98"]
[GameID "74121"]

1. d4 Nf6 2. Nf3 g6 3. c4 Bg7 4. Nc3 d6 5. e4 O-O 6. Be2 b6 7. O-O Nbd7 8. a4 Bb7 9. Qc2 c5 10. d5 Re8
11. Bd2 Nf8 12. Rad1 e6 13. Rfe1 exd5 14. exd5 N8d7 15. Bd3 Ne5 16. Nxe5 Rxe5 17. Rxe5 dxe5 18. Qc1 Qd7 19. Bh6 b5 20. b3 b4
21. Bxg7 Kxg7 22. Ne4 Nxe4 23. Bxe4 Qg4 24. Bf3 Qd4 25. Rxd4 exd4 26. Qe1 d3 27. Qe7 Bc8 28. d6
1-0

[Event "Any Which Way To Go!!"]
[Site "SchemingMind.com"]
[Date "2006.11.02"]
[Round "-"]
[White "santiago200"]
[Black "smurilo"]
[Result "0-1"]
[WhiteCountry "BRA"]
[BlackCountry "BRA"]
[WhiteElo "1409"]
[WhiteRD "186"]
[BlackElo "1914"]
[BlackRD "146"]
[GameID "74122"]

1. d4 d6 2. e4 Nf6 3. f3 g6 4. c4 Bg7 5. Be3 O-O 6. Nc3 c5 7. d5 e6 8. Bd3 exd5 9. exd5 Re8 10. Qd2 Qe7
11. Ne4 Nbd7 12. O-O-O Ne5 13. Nxf6+ Qxf6 14. Bf1 Nxc4 15. Bxc4 Rxe3
0-1

[Event "Any Which Way To Go!!"]
[Site "SchemingMind.com"]
[Date "2006.11.02"]
[Round "-"]
[White "santiago200"]
[Black "nwhitelaw"]
[Result "1-0"]
[WhiteCountry "BRA"]
[BlackCountry "GBR"]
[WhiteElo "1436"]
[WhiteRD "135"]
[BlackElo "1309"]
[BlackRD "65"]
[GameID "74123"]

1. d4 Nc6 2. e4 e5 3. d5 Nd4 4. c3 Bb4 5. cxb4 Nh6 6. Nf3 Nxf3+ 7. Qxf3 O-O 8. Bxh6 gxh6 9. Nc3 c6 10. Bc4 b5
11. Bb3 Bb7 12. h4 Qe7 13. d6 Qxd6 14. Rd1 Qxb4 15. Qg3+ Kh8 16. Qxe5+ f6 17. Qf5 Rae8 18. Rxd7 Re7 19. Rxe7 Qxe7 20. O-O b4
21. Na4 c5 22. Nxc5 Bc6 23. Rd1 Qe5 24. Qxe5 fxe5 25. Rd6 Bb5 26. Be6 Rc8 27. Bxc8
1-0

[Event "Any Which Way To Go!!"]
[Site "SchemingMind.com"]
[Date "2006.11.02"]
[Round "-"]
[White "Orhany24"]
[Black "santiago200"]
[Result "1-0"]
[WhiteCountry "TUR"]
[BlackCountry "BRA"]
[WhiteElo "1820"]
[WhiteRD "67"]
[BlackElo "1436"]
[BlackRD "135"]
[GameID "74126"]

1. e4 e5 2. Nf3 Nf6 3. Nc3 Nc6 4. Bc4 Be7 5. O-O O-O 6. d4 exd4 7. Nxd4 Nxd4 8. Qxd4 b6 9. a3 Bb7 10. Nd5 Nxd5
11. exd5 c5 12. Qg4 Bf6 13. c3 a6 14. Bd3 Re8 15. Rb1 g6 16. c4 Qc7 17. Bh6 Re7 18. Rfe1 Rae8 19. Rxe7 Rxe7 20. h4 d6
21. h5 Bc8 22. Qf3 Bd4 23. hxg6 fxg6 24. Qf8#
1-0

[Event "Any Which Way To Go!!"]
[Site "SchemingMind.com"]
[Date "2006.11.02"]
[Round "-"]
[White "e_castle3"]
[Black "santiago200"]
[Result "0-1"]
[WhiteCountry "PHI"]
[BlackCountry "BRA"]
[WhiteElo "1737"]
[WhiteRD "67"]
[BlackElo "1712"]
[BlackRD "110"]
[GameID "74127"]

1. e4 e5 2. Nf3 Nf6 3. Nc3 Nc6 4. Bc4 Be7 5. O-O O-O 6. d3 d6 7. h3 a6 8. a3 b5 9. Ba2 Be6 10. Bxe6 fxe6
11. Ne2 h6 12. c3 Qe8 13. Qc2 Nh5 14. d4 Rxf3 15. gxf3 Qg6+ 16. Kh2 Rf8 17. Ng1 Nf4 18. Bxf4 Rxf4 19. Qd3 Bg5 20. Rfd1 Rh4
21. Qf1 Bf4+ 22. Kh1 Qf6 23. Rd3 exd4 24. Rad1 e5 25. Ne2 dxc3 26. bxc3 Nd8 27. Qg2 Ne6 28. Ng3 Bg5 29. Ne2 Bf4 30. Ra1 Ng5
31. Ng1 Qe6 32. a4 Nxh3 33. Nxh3 Rxh3+ 34. Kg1 Rh5 35. Kf1 Rg5 36. Qh1 Qc4 37. Ke2 bxa4 38. Qd1 Qb3 39. Qxb3+ axb3 40. Rb1 h5
41. Rxb3 h4 42. Rb8+ Kh7 43. Rd1 h3 44. Rh1 h2 45. Kf1 Rg6 46. Ra8 Rf6 47. Rxa6 Kh6 48. Rc6 Rf7 49. c4 Rd7 50. c5 g6
51. cxd6 cxd6 52. Kg2 d5 53. Rd1 d4 54. Rc5 d3 55. Rd5 Rh7 56. R5xd3 Kg5 57. Rd7 h1=Q+
0-1

[Event "Any Which Way To Go!!"]
[Site "SchemingMind.com"]
[Date "2006.11.02"]
[Round "-"]
[White "Coloplast"]
[Black "santiago200"]
[Result "1-0"]
[WhiteCountry "SWE"]
[BlackCountry "BRA"]
[WhiteElo "1984"]
[WhiteRD "78"]
[BlackElo "1436"]
[BlackRD "135"]
[GameID "74128"]

1. d4 Nf6 2. c4 g6 3. Nc3 d5 4. Bf4 c6 5. Nf3 Bg7 6. e3 Nbd7 7. Qb3 e6 8. Bd6 dxc4 9. Bxc4 Nb6 10. Bc5 Nxc4
11. Qxc4 Qc7 12. O-O b6 13. Ba3 a5 14. Nb5 Qd7 15. Ne5
1-0